|
|
|
|
| LEADER |
00000 a2200000 04500 |
| 001 |
44523 |
| 003 |
cru CIDCACS/IIS |
| 005 |
20230613081610.0 |
| 008 |
050606s1984 cr spa d |
| 020 |
|
|
|a Sin ISBN
|
| 040 |
|
|
|c CRAI/IIS
|
| 090 |
|
|
|a 03.03.04 I59me
|
| 110 |
|
|
|a Instituto Nacional de Fomento Cooperativo. Costa Rica
|
| 245 |
|
|
|a Memoria 1984 /
|c Instituto Nacional de Fomento Cooperativo
|
| 260 |
|
|
|a Costa Rica :
|b INFOCOOP
|
| 300 |
|
|
|a 28 páginas
|
| 520 |
|
|
|a El documento consiste en la memoria del Instituto Nacional de Fomento Cooperativo del año 1984, en el que se dan cuentas de las labores realizadas por el instituto.
|
| 650 |
|
|
|a COOPERATIVAS
|
| 650 |
|
|
|a FINANCIAMIENTO
|
| 650 |
|
|
|a INFORME DE LABORES
|
| 942 |
|
|
|2 ddc
|c LITG
|h 03.03.04 I59me
|i 04268
|6 030304_I59ME_04268
|
| 999 |
|
|
|c 12044
|d 12044
|